Norbert Elias and Franz Borkenau intertwined life-works

Saved in:
Bibliographic Details
Main Author: Szakolczai, Arpád
Format: Book
Language:English
Published: San Domenico (FI) European University Institute 1997
Series:EUI Working paper SPS No. 97/8
Subjects:
Tags: Add Tag
No Tags, Be the first to tag this record!

MARC

LEADER 00000nam a2200000 4500
001 c131947
005 20221124073733.8
041 0 |a eng 
044 |a IT 
245 1 0 |a Norbert Elias and Franz Borkenau  |b intertwined life-works  |c Arpád Szakolczai 
264 1 |a San Domenico (FI)  |b European University Institute  |c 1997 
300 |a 33 s. 
490 1 |a EUI Working paper SPS  |v No. 97/8 
830 0 |a EUI Working paper SPS  |v No. 97/8 
610 2 0 |a civilizácia 
610 2 0 |a pokrok 
610 2 0 |a životopisy 
610 2 0 |a Elias, N. 
610 2 0 |a Borkenau, F. 
100 1 |a Szakolczai, Arpád